000 00428nam a2200181Ia 4500
001 24432
005 20260414151043.0
008 260414t2013||||xx |||||||||||||| ||spa||
041 _aESP
082 _a345.7
_bM26
100 _aGuilherme Marinoni, Luiz
_eAUT
245 0 _aPrecedentes obligatorios
_b
260 _c2013
300 _a525 páginas :
_c20 cm.
650 _aDER
654 _aCDE
942 _cLIB
_dJUS
_fJUS
_2ddc
_n
999 _c24432
_d24432